Svet nie je obrázkovou knižkou Marcus Meckel, podpredseda Parlamentného zhromaždenia NATO

Bibliographic Details
Main Authors: Muránsky, Martin, 1966- (ain), Meckel, Marcus (Author, uin)
Format: Article
Language:Slovak
PhysicalDescription:Fotogr.
ISSN:1335-468X
Subjects:

MARC

LEADER 00000nab a2200000 a 4500
001 vtls000787804
003 SK-MaSNL
005 20260302155219.0
008 180205c2002 xo 0 slo
015 |a SNBRB2002/03-09696 
035 |a CLN000139459 
040 |a SNKBUCL  |b slo  |c SNKBUCL  |e AACR2 
041 0 |a slo 
044 |a xo  |c SK 
080 |a 327.51(100)  |2 UDC-MRF-SK2 
080 |a 327(437.6):327.51(100)  |2 UDC-MRF-SK2 
100 1 |a Muránsky, Martin,  |d 1966-  |4 ain  |9 91105 
245 1 0 |a Svet nie je obrázkovou knižkou  |b Marcus Meckel, podpredseda Parlamentného zhromaždenia NATO  |c s hosťom Slova sa zhovára Martin Muránsky 
300 |b Fotogr. 
610 7 |a NATO  |x Slovensko  |2 snkbucl  |9 847069 
610 7 |a NATO  |x smerovanie  |2 snkbucl  |9 844078 
655 7 |a články z novín a časopisov  |2 snkbucl  |9 267496 
700 1 |a Meckel, Marcus  |4 aut  |4 uin  |9 853283 
773 0 |x 1335-468X  |t Slovo. Politicko-spoločenský týždenník  |g Roč. 4, č. 11 (2002), s. 4-5 
850 |a Slovenská národná knižnica v Martine 
852 |a SNK  |b KIS3GCP 
958 |a RBX 
999 |c 1370768  |d 1372698